000 00379pam a2200145 a 4500
020 _a9788190794701
_c
041 _h
082 _a617.3/HOM
_b111118
100 _aHOMURAPPA V., SHANTILAL M.MN.,.
245 _aCOLOR ATLAS ON TEMPRORAL BONE DISSECTION
_hTextual Documents
260 _a[s.l]:
_bSELF AUTHOR ,
_c2008.
300 _a109:
_cHB.
930 _a5963
999 _c800490
_d800490
650 _aORTHO